[Event "Chigorin Memorial 2015"]
[Site "St Petersburg RUS"]
[Date "2015.10.09"]
[Round "7.25"]
[White "Bok, B"]
[Black "Solovyov, V"]
[Result "1-0"]
[WhiteElo "2591"]
[BlackElo "2312"]
[EventDate "2015.10.03"]
[WhiteTitle "GM"]
[WhiteFideId "1017063"]
[BlackFideId "4102754"]
[EventType "swiss"]

1.e4 e5 2.Nf3 Nc6 3.Bc4 Bc5 4.O-O Nf6 5.d3 O-O 6.Nbd2 d6 7.c3 a6 8.Bb3 Ba7
9.h3 h6 10.Re1 Nh5 11.Nf1 Qf6 12.Be3 Nf4 13.d4 Ne7 14.Ng3 Neg6 15.Bc2 Nh4 
16.Nxh4 Qxh4 17.Qf3 g6 18.Rad1 Kg7 19.Ne2 Ne6 20.Qg3 Qxg3 21.Nxg3 f6 22.
Bb3 h5 23.Ne2 Bd7 24.Bd5 Nd8 25.Nc1 Re8 26.Nb3 Ba4 27.Rd2 exd4 28.Nxd4 Bd7
29.f3 Bb6 30.g4 hxg4 31.hxg4 Rb8 32.Rh2 g5 33.Kg2 Rh8 34.Nf5+ Bxf5 35.Rxh8
Kxh8 36.Bxb6 cxb6 37.exf5 Nc6 38.Bxc6 bxc6 39.Re6 Kg7 40.Rxd6 Rc8 41.Rd7+ 
Kf8 42.f4 gxf4 43.Kf3 Re8 44.Rd6 Kg7 45.Rxc6 b5 46.Rxa6 Re3+ 47.Kxf4 Re2 
48.Ra7+ Kf8 49.b4 Rf2+ 50.Ke3 Rg2 51.Ra5 Rg3+ 52.Kd2 Rxg4 53.Rxb5 Rg2+ 54.
Kd3 Rxa2 55.Rd5 Kg7 56.b5 Kh6 57.Kd4 1-0

[Event "Chigorin Memorial 2015"]
[Site "St Petersburg RUS"]
[Date "2015.10.09"]
[Round "7.120"]
[White "Kunin, Pavel"]
[Black "Mamyrbay, Assad"]
[Result "1-0"]
[WhiteElo "1957"]
[BlackElo "2195"]
[EventDate "2015.10.03"]
[WhiteFideId "34107093"]
[BlackFideId "13708880"]
[EventType "swiss"]

1.e4 e5 2.Nf3 Nc6 3.Bc4 Bc5 4.O-O Nf6 5.Nc3 O-O 6.d3 a6 7.a4 h6 8.h3 d6 9.
Ne2 d5 10.exd5 Nxd5 11.c3 Re8 12.b4 Bf8 13.Qb3 Be6 14.d4 Rb8 15.a5 e4 16.
Ne5 Nxe5 17.dxe5 c6 18.Nf4 Qc7 19.Nxd5 cxd5 20.Bxd5 Qxe5 21.Bxe6 Rxe6 22.
f4 exf3 23.Rxf3 Qe1+ 24.Rf1 Qe4 25.Bf4 Rd8 26.Rae1 Qxe1 27.Rxe1 Rxe1+ 28.
Kf2 Rdd1 29.Qc4 g5 30.Be3 Rf1+ 31.Qxf1 Rxf1+ 32.Kxf1 Bg7 33.Bd2 f5 34.Ke2 
Kf7 35.Kd3 Ke6 36.c4 Bf8 37.Kd4 Kd6 38.b5 Bg7+ 39.Kd3 axb5 40.cxb5 Kc5 41.
a6 bxa6 42.bxa6 Kb6 43.Kc4 Kxa6 44.Kd5 Kb5 45.Ke6 f4 46.Kf7 Bd4 47.Kg6 Kc4
48.Kxh6 Be3 49.Be1 Kd3 50.Kh5 Ke2 51.Bb4 Kf2 52.Be7 Bd2 53.Bxg5 f3 54.gxf3
Bc3 55.f4 Kg3 56.h4 1-0

[Event "Chigorin Memorial 2015"]
[Site "St Petersburg RUS"]
[Date "2015.10.09"]
[Round "7.171"]
[White "Gadzhiev, Farid"]
[Black "Shugalei, Mikhail"]
[Result "1-0"]
[WhiteElo "1894"]
[BlackElo "1663"]
[EventDate "2015.10.03"]
[WhiteFideId "24194450"]
[BlackFideId "34158950"]
[EventType "swiss"]

1.e4 e5 2.Nf3 Nc6 3.Bc4 Be7 4.d4 exd4 5.Nxd4 Nf6 6.Nc3 O-O 7.O-O Ne5 8.Bb3
d6 9.f4 Ned7 10.Qf3 Nc5 11.h3 c6 12.Be3 Nxb3 13.axb3 c5 14.Nde2 a6 15.Rad1
Qc7 16.g4 b5 17.g5 Nd7 18.Nd5 Qd8 19.Ng3 Nb6 20.Nxb6 Qxb6 21.f5 Bd8 22.Qh5
d5 23.Rxd5 Bb7 24.Rxc5 Qd6 25.e5 Qd7 26.Rf4 Bb6 27.Rh4 h6 28.Rd4 Qe7 29.
gxh6 Bxc5 30.hxg7 f6 31.gxf8=Q+ Kxf8 32.Qh8+ Kf7 33.e6+ Qxe6 34.fxe6+ Kxe6
35.Qh7 Bxd4 36.Bxd4 Bd5 37.Qf5+ 1-0

[Event "Chigorin Memorial 2015"]
[Site "St Petersburg RUS"]
[Date "2015.10.09"]
[Round "7.177"]
[White "Pogorelskikh, Sofia"]
[Black "Khlopushin, Dmitriy"]
[Result "0-1"]
[WhiteElo "1616"]
[BlackElo "1788"]
[EventDate "2015.10.03"]
[WhiteFideId "44164548"]
[BlackFideId "44147864"]
[EventType "swiss"]

1.e4 e5 2.Nf3 Nc6 3.Bc4 Nf6 4.d3 Bc5 5.c3 d5 6.exd5 Nxd5 7.O-O O-O 8.Re1 
Nb6 9.Bb5 f6 10.Be3 Bxe3 11.fxe3 Ne7 12.d4 e4 13.Nfd2 c6 14.Bc4+ Nxc4 15.
Nxc4 Qd5 16.Nbd2 b5 17.Na3 Ng6 18.Qb3 Be6 19.Qxd5 Bxd5 20.Nb3 f5 21.Nc5 
Rf7 22.g3 h5 23.Kf2 Raf8 24.Kg2 f4 25.exf4 e3+ 26.Kg1 Re8 27.Nc2 e2 28.Nb4
Bf3 29.Kf2 Bg4 30.Kg2 h4 31.Nxc6 Re3 32.Ne5 Nxe5 33.dxe5 g5 34.e6 Rf5 35.
Kf2 gxf4 36.Nb3 hxg3+ 37.hxg3 Rd3 38.Nd4 fxg3+ 39.Kg1 Re5 40.Rac1 Rd1 41.
Nc2 Bf3 42.Nd4 Rxd4 43.cxd4 Rh5 44.Rc8+ Kg7 45.Rc7+ Kg6 46.Rxe2 Rh1# 0-1

[Event "Chigorin Memorial 2015"]
[Site "St Petersburg RUS"]
[Date "2015.10.10"]
[Round "8.10"]
[White "Andriasian, Z"]
[Black "Khusenkhojaev, Muhammad"]
[Result "1-0"]
[WhiteElo "2591"]
[BlackElo "2398"]
[EventDate "2015.10.03"]
[WhiteTitle "GM"]
[BlackTitle "IM"]
[WhiteFideId "13302000"]
[BlackFideId "14700247"]

1.e4 e5 2.Nf3 Nc6 3.Bc4 Bc5 4.c3 Nf6 5.d3 a6 6.O-O Ba7 7.Nbd2 d6 8.Bb3 O-O
9.h3 h6 10.Re1 Nh5 11.Nf1 Qf6 12.Ne3 Nf4 13.Ng4 Qg6 14.Bxf4 exf4 15.d4 
Bxg4 16.hxg4 Qxg4 17.Qd3 Rad8 18.Bd5 Qc8 19.Bxc6 bxc6 20.b4 c5 21.bxc5 
dxc5 22.d5 c6 23.d6 c4 24.Qd2 f6 25.Rad1 Qe6 26.e5 Rd7 27.exf6 Qxf6 28.Ne5
f3 29.Nxf3 Rfd8 30.Qe2 Rxd6 31.Rxd6 Qxd6 32.Qxc4+ Qd5 33.Qxa6 Qc5 34.Rf1 
Bb8 35.Nd4 Qd6 36.g3 c5 37.Nc6 Kh8 38.Nxb8 Qxb8 39.Qc4 Qe5 40.a4 h5 41.a5 
g5 42.Qf7 h4 43.Qh5+ Kg8 44.gxh4 Rd7 45.Qg4 Rg7 46.h5 Qxc3 47.Qe6+ Kh7 48.
Qf5+ Kh6 49.Rd1 Qb3 50.Rd8 Qb1+ 51.Qxb1 1-0

[Event "1st Carthage Open 2015"]
[Site "Hammamet TUN"]
[Date "2015.10.07"]
[Round "4.9"]
[White "Meftahi, Houssem"]
[Black "Zenaidi, K"]
[Result "1-0"]
[WhiteElo "2084"]
[BlackElo "1888"]
[EventDate "2015.10.04"]
[WhiteTitle "IM"]
[WhiteFideId "5501660"]
[BlackFideId "5500206"]

1.e4 e5 2.Nf3 Nc6 3.Bc4 Nf6 4.O-O Bc5 5.d3 d6 6.h3 Be6 7.Qe2 Qe7 8.c3 
O-O-O 9.b4 Bb6 10.a4 a5 11.Bb5 Bd7 12.Be3 d5 13.Bxb6 dxe4 14.dxe4 cxb6 15.
Nbd2 axb4 16.Nc4 Kc7 17.Rfc1 Rde8 18.cxb4 Qxb4 19.Rab1 Qe7 20.Nxb6 Kb8 21.
Nxd7+ 1-0

[Event "Hradec Kralove Open 2015"]
[Site "Hradec Kralove CZE"]
[Date "2015.10.04"]
[Round "1"]
[White "Gloser, David"]
[Black "Golcman, E"]
[Result "0-1"]
[WhiteElo "1734"]
[BlackElo "2167"]
[EventDate "2015.10.04"]
[WhiteFideId "381420"]
[BlackFideId "4173287"]

1.e4 e5 2.Nf3 Nc6 3.Bc4 Be7 4.c3 Nf6 5.O-O Nxe4 6.Bd5 Nf6 7.Bxc6 dxc6 8.
Nxe5 c5 9.d4 cxd4 10.cxd4 O-O 11.Nc3 Be6 12.Be3 Nd5 13.Qe2 a6 14.Kh1 Re8 
15.Rae1 Bf8 16.f4 f6 17.Nf3 Qd7 18.Qd2 Rad8 19.Bg1 Bd6 20.g3 Nxc3 21.bxc3 
Bd5 22.Be3 Qc6 23.Qf2 Qxc3 24.Kg1 Qa3 25.Re2 Bc4 26.Bc1 Rxe2 27.Bxa3 Rxf2 
28.Kxf2 Bxa3 0-1

[Event "Hradec Kralove Open 2015"]
[Site "Hradec Kralove CZE"]
[Date "2015.10.09"]
[Round "7"]
[White "Gloser, David"]
[Black "Rokos, Filip"]
[Result "0-1"]
[WhiteElo "1734"]
[BlackElo "1533"]
[EventDate "2015.10.04"]
[WhiteFideId "381420"]
[BlackFideId "377350"]

1.e4 e5 2.Nf3 Nc6 3.Bc4 Bc5 4.c3 Nf6 5.d3 O-O 6.b4 Bb6 7.a4 a6 8.O-O d6 9.
Be3 Be6 10.Bxe6 fxe6 11.Nbd2 d5 12.Qb3 Qe7 13.Bxb6 cxb6 14.Rfe1 Rad8 15.
exd5 exd5 16.Nxe5 Nxe5 17.f4 Nfg4 18.h3 Qh4 19.hxg4 Nxd3 20.Rf1 Nxf4 21.
Nf3 Ne2# 0-1

[Event "TCh-AUT 2nd Mitte 2015-16"]
[Site "Austria AUT"]
[Date "2015.10.02"]
[Round "1.1"]
[White "Maier, Christoph"]
[Black "Handler, L"]
[Result "1/2-1/2"]
[WhiteElo "2121"]
[BlackElo "2390"]
[EventDate "2015.10.02"]
[BlackTitle "FM"]
[WhiteTeam "SPG Sauwald 2"]
[BlackTeam "SC MPOE Maria Saal 2"]
[WhiteFideId "1633597"]
[BlackFideId "1609580"]
[EventType "team"]

1.e4 e5 2.Nf3 Nc6 3.Bc4 Bc5 4.b4 Bxb4 5.c3 Be7 6.d4 Na5 7.Nxe5 Nxc4 8.Nxc4
d5 9.exd5 Qxd5 10.Ne3 Qd8 11.O-O Nf6 12.Ba3 O-O 13.Bxe7 Qxe7 14.Re1 b6 15.
Qf3 Rb8 16.Nd2 Bb7 17.Nd5 Bxd5 18.Rxe7 Bxf3 19.Nxf3 Nd5 20.Rd7 Nxc3 21.
Rxc7 Nb5 22.Rc6 Rfd8 23.Re1 Nxd4 24.Nxd4 Rxd4 25.Rc7 a6 26.g3 Rd6 27.Ree7 
Rf6 28.Rb7 Rd8 29.Rbd7 Rf8 30.a4 g6 31.Rb7 Kg7 32.Re2 Rc8 33.Rb2 Rcc6 34.
Ra7 a5 35.Rb7 g5 36.h3 h6 37.Kg2 Kg6 38.Rb8 Rfe6 39.Rb5 Kg7 40.Rb2 h5 41.
Rb5 f6 42.Rb2 g4 43.Rb5 Re5 44.R8xb6 Rxb6 45.Rxb6 Re4 46.Rb5 Rxa4 47.Rxh5 
gxh3+ 48.Kxh3 Ra1 49.Kg4 1/2-1/2

[Event "TCh-AUT 2nd Mitte 2015-16"]
[Site "Austria AUT"]
[Date "2015.10.02"]
[Round "1.2"]
[White "Hajnal, Z"]
[Black "Hresc, V"]
[Result "1/2-1/2"]
[WhiteElo "2319"]
[BlackElo "2382"]
[EventDate "2015.10.02"]
[WhiteTitle "IM"]
[BlackTitle "IM"]
[WhiteTeam "ASK Case IH SteyrSt. Valentin"]
[BlackTeam "SV Wolfsberg"]
[WhiteFideId "717754"]
[BlackFideId "14500426"]
[EventType "team"]

1.e4 e5 2.Nf3 Nc6 3.Bc4 Bc5 4.c3 Nf6 5.d4 exd4 6.cxd4 Bb4+ 7.Bd2 Bxd2+ 8.
Nbxd2 d5 9.exd5 Nxd5 10.Qb3 Na5 11.Qa4+ Nc6 12.Qb3 Nce7 13.O-O O-O 14.Rfe1
c6 15.Ne4 h6 16.Ne5 Qb6 17.Nd6 Qc7 18.Nb5 Qb8 19.Qf3 Be6 20.Nc3 Qc7 21.Ne4
Rad8 22.Rad1 b6 23.Ng3 Qc8 24.h3 Kh8 25.Rc1 Qb7 26.a3 a5 27.Red1 Kg8 28.
Kh1 Ng6 29.Bd3 Nge7 30.Bc4 Ng6 31.Bd3 Nge7 1/2-1/2

[Event "TCh-AUT 2nd Mitte 2015-16"]
[Site "Austria AUT"]
[Date "2015.10.03"]
[Round "2.2"]
[White "Ertl, J"]
[Black "Gelbenegger, Patrick"]
[Result "1/2-1/2"]
[WhiteElo "2274"]
[BlackElo "1951"]
[EventDate "2015.10.02"]
[WhiteTitle "FM"]
[WhiteTeam "SC MPOE Maria Saal 2"]
[BlackTeam "ASK Case IH SteyrSt. Valentin"]
[WhiteFideId "1613626"]
[BlackFideId "1638220"]
[EventType "team"]

1.e4 e5 2.Nf3 Nc6 3.Bc4 Bc5 4.c3 Nf6 5.d3 d6 6.Nbd2 a6 7.Bb3 O-O 8.h3 h6 
9.Nf1 Be6 10.Ng3 d5 11.Qe2 Re8 12.O-O dxe4 13.dxe4 Bxb3 14.axb3 Qe7 15.b4 
Bb6 16.Nf5 Qf8 17.N3h4 Kh7 18.Kh1 Rad8 19.g4 Ng8 20.g5 g6 21.Nxh6 Nxh6 22.
gxh6 Qe7 23.Qg4 Rd3 24.Bg5 f6 25.Be3 Qf7 26.Rad1 Red8 27.Rxd3 Rxd3 28.Bc1 
Ne7 29.Kg2 Ng8 30.Rd1 Rxd1 31.Qxd1 Nxh6 32.Qd8 Ng8 33.Nf3 Qe7 34.Qc8 c6 
35.h4 Qc7 36.Qg4 Ne7 37.Qe6 Ng8 38.h5 g5 39.Kh2 Qe7 40.Qf5+ Kh8 41.Nd2 Qf7
42.Qf3 Nh6 43.Nc4 g4 44.Qd3 Qxh5+ 45.Kg1 Ba7 46.Qd8+ Ng8 47.Be3 Bxe3 48.
Nxe3 g3 49.fxg3 Qf3 50.Nf5 Qxe4 51.Qd7 1/2-1/2

[Event "TCh-AUT 2nd Mitte 2015-16"]
[Site "Austria AUT"]
[Date "2015.10.03"]
[Round "2.4"]
[White "Domarkaite, L"]
[Black "Kleibel, Uwe"]
[Result "1/2-1/2"]
[WhiteElo "2122"]
[BlackElo "2215"]
[EventDate "2015.10.02"]
[WhiteTitle "WFM"]
[WhiteTeam "Schachfreunde Graz"]
[BlackTeam "Union Hartkirchen"]
[WhiteFideId "12800341"]
[BlackFideId "1270982"]
[EventType "team"]

1.e4 e5 2.Nf3 Nc6 3.Bc4 Bc5 4.c3 Nf6 5.d3 d6 6.a4 a6 7.O-O Ba7 8.Na3 h6 9.
Nc2 O-O 10.Re1 Be6 11.Ba2 Bxa2 12.Rxa2 d5 13.Qe2 Re8 14.h3 Qd7 15.Nh4 dxe4
16.dxe4 Rad8 17.Nf5 Qd3 18.Qxd3 Rxd3 19.Kf1 Red8 20.a5 Rd1 21.Ra4 R8d7 22.
Ke2 Rxe1+ 23.Nxe1 Ne8 24.Nd3 f6 25.Be3 Bxe3 26.Nxe3 Nd8 27.Rb4 c6 28.Nc4 
Ne6 29.Nb6 Rc7 30.Ra4 Nd6 1/2-1/2

[Event "TCh-AUT 2nd Mitte 2015-16"]
[Site "Austria AUT"]
[Date "2015.10.04"]
[Round "3.3"]
[White "Felsberger, A"]
[Black "Schachinger, M"]
[Result "1/2-1/2"]
[WhiteElo "2341"]
[BlackElo "2439"]
[EventDate "2015.10.02"]
[WhiteTitle "FM"]
[BlackTitle "IM"]
[WhiteTeam "Union Ansfelden"]
[BlackTeam "SC MPOE Maria Saal 2"]
[WhiteFideId "1600419"]
[BlackFideId "1616773"]
[EventType "team"]

1.e4 e5 2.Nf3 Nc6 3.Bc4 Bc5 4.O-O Nf6 5.d3 O-O 6.Nbd2 d6 7.c3 a6 8.Bb3 Ba7
9.Re1 Be6 10.Nf1 h6 11.Be3 Re8 12.Bxa7 Rxa7 13.Bxe6 Rxe6 14.Ng3 d5 15.Qb3 
a5 16.a4 Ra8 17.Rad1 Qd7 18.d4 exd4 19.e5 Nh7 20.Nxd4 Rxe5 21.Qxb7 Rae8 
22.Rxe5 Nxe5 23.Qb5 Qxb5 24.axb5 a4 25.b3 axb3 26.Nxb3 Nf6 27.f3 Nc4 28.
Nd4 Ra8 29.Nc6 Ra2 30.Nf1 Nb6 31.Ne3 Ra3 32.Ne7+ Kf8 33.N7xd5 Nfxd5 34.
Nxd5 Nxd5 35.Rxd5 Rxc3 36.Re5 Rc2 37.Re4 h5 38.h4 Rb2 39.Rc4 Rxb5 40.Rxc7 
Rb4 41.g3 Rb2 42.Kf1 g6 43.Ra7 Kg7 1/2-1/2

[Event "TCh-AUT 2nd Mitte 2015-16"]
[Site "Austria AUT"]
[Date "2015.10.04"]
[Round "3.6"]
[White "Nemeth, Mi1"]
[Black "Frosch, R"]
[Result "1-0"]
[WhiteElo "2470"]
[BlackElo "2229"]
[EventDate "2015.10.02"]
[WhiteTitle "IM"]
[WhiteTeam "SV Steyregg"]
[BlackTeam "RbEJ Gleisdorf"]
[WhiteFideId "720232"]
[BlackFideId "1608274"]
[EventType "team"]

1.e4 e5 2.Nf3 Nc6 3.Bc4 Nf6 4.d3 Be7 5.c3 O-O 6.Bb3 d5 7.Qe2 Bg4 8.h3 Bh5 
9.Nbd2 dxe4 10.dxe4 Bd6 11.Nf1 Bg6 12.Ng3 Nh5 13.Nxh5 Bxh5 14.g4 Bg6 15.h4
h5 16.Ng5 hxg4 17.h5 Bh7 18.Qxg4 Bc5 19.Rg1 Qf6 20.Nf3 Na5 21.Bg5 Qb6 22.
Be3 g6 1-0

[Event "Fraubundesliga 2015-16"]
[Site "Germany GER"]
[Date "2015.09.26"]
[Round "1.5"]
[White "Baciu, D"]
[Black "Brendel, B"]
[Result "1/2-1/2"]
[WhiteElo "2263"]
[BlackElo "2054"]
[EventDate "2015.09.26"]
[WhiteTitle "WIM"]
[BlackTitle "WFM"]
[WhiteTeam "Hamburger SK"]
[BlackTeam "Karlsruher SF"]
[WhiteFideId "13903284"]
[BlackFideId "4608763"]
[EventType "team-tourn"]

1.e4 e5 2.Nf3 Nc6 3.Bc4 Bc5 4.c3 Nf6 5.d3 a6 6.Bb3 Ba7 7.h3 d6 8.Nbd2 O-O 
9.Nf1 d5 10.Qe2 Be6 11.Bg5 dxe4 12.dxe4 Bxb3 13.axb3 h6 14.Bh4 Qd6 15.Ne3 
Bxe3 16.Qxe3 Nh5 17.O-O g5 18.Bg3 Nf4 19.h4 Qg6 20.Qc5 b6 21.Qc4 g4 22.Nd2
Qd6 23.Bxf4 exf4 24.Qe2 Ne5 25.Nc4 f3 26.Qd1 Nxc4 27.bxc4 fxg2 28.Qxg4+ 
Kh8 29.Rfd1 Qf6 30.Rd3 Rg8 31.Qh5 Rg6 32.Rg3 Rag8 33.Kxg2 Qf4 34.Qf3 Qxh4 
35.Rh1 Rxg3+ 36.fxg3 Qg5 37.Rh5 Qd2+ 38.Kh3 Qd7+ 39.g4 Rg6 40.Rd5 Qe6 41.
c5 Kg7 42.Qf4 Rf6 43.Rf5 bxc5 44.Qxc7 Qxe4 45.Qxc5 Rxf5 46.gxf5 Qf3+ 47.
Kh2 Qe2+ 48.Kg3 Kf6 49.Qd6+ Kxf5 50.Qxh6 Qe1+ 51.Kf3 Qd1+ 52.Kg3 Qg1+ 53.
Kf3 Qf1+ 54.Kg3 Qg1+ 1/2-1/2

[Event "Fraubundesliga 2015-16"]
[Site "Germany GER"]
[Date "2015.09.27"]
[Round "2.3"]
[White "Zahn, Alina"]
[Black "Klek, H"]
[Result "0-1"]
[WhiteElo "2112"]
[BlackElo "2281"]
[EventDate "2015.09.26"]
[WhiteTeam "GW Niederwiesa"]
[BlackTeam "SF Deizisau"]
[WhiteFideId "24696730"]
[BlackFideId "24670057"]
[EventType "team-tourn"]

1.e4 e5 2.Nf3 Nc6 3.Bc4 Bc5 4.c3 Nf6 5.d3 a6 6.Bb3 Ba7 7.Nbd2 O-O 8.O-O d6
9.h3 Nd7 10.Re1 Kh8 11.Nf1 Nc5 12.Bc2 f5 13.Ng3 fxe4 14.Nxe4 Nxe4 15.Rxe4 
d5 16.Bg5 Bxf2+ 17.Kh1 Qd6 18.Re2 Bg3 19.Bh4 Rxf3 20.gxf3 Bxh4 21.d4 Qh6 
22.Qg1 Bg5 23.h4 Bf4 24.Qf2 Bd7 25.Kg2 Rf8 26.Rg1 exd4 27.cxd4 Qf6 28.Rd1 
Ne7 29.Rde1 Bd6 30.a4 Nf5 31.Bxf5 Qxf5 32.Kg1 Bxa4 33.Qg2 Rf6 34.Kh1 Rg6 
35.Qf1 Bb5 36.Re8+ Bxe8 37.Rxe8+ Bf8 0-1

[Event "TCh-BEL 2015-16"]
[Site "Belgium BEL"]
[Date "2015.10.11"]
[Round "2.8"]
[White "Huesmann, T"]
[Black "Verbeke, Lucas"]
[Result "1-0"]
[WhiteElo "2259"]
[BlackElo "1340"]
[EventDate "2015.09.27"]
[WhiteTitle "FM"]
[WhiteTeam "KSK Rochade 1"]
[BlackTeam "KBSK 1"]
[WhiteFideId "200441"]
[BlackFideId "245470"]

1.e4 e5 2.Nf3 Nc6 3.Bc4 Bc5 4.O-O d6 5.c3 Bg4 6.h3 Bh5 7.d4 exd4 8.g4 Bg6 
9.cxd4 Bb6 10.d5 Ne5 11.Nxe5 dxe5 12.Bb5+ Kf8 13.Nc3 Bd4 14.Qf3 Nf6 15.Bd3
h6 16.Be3 Qe7 17.Rac1 Qb4 18.Nb5 Bxe4 19.Bxe4 Qxb5 20.Rxc7 Qb6 21.Rfc1 g6 
22.d6 Qxd6 23.Bxb7 Rd8 24.R1c6 Qb4 25.Qxf6 Rh7 26.Qxd8+ 1-0

[Event "24th TCh-CRO Div 1a 2015"]
[Site "Bol CRO"]
[Date "2015.10.06"]
[Round "4.25"]
[White "Dutina, D"]
[Black "Ascic, P"]
[Result "0-1"]
[WhiteElo "2313"]
[BlackElo "2311"]
[EventDate "2015.10.03"]
[WhiteTitle "FM"]
[BlackTitle "FM"]
[WhiteTeam "SK SLJEME-AGROPROTEINKA Sesvete"]
[BlackTeam "GSK POZEGA Pozega"]
[WhiteFideId "14503280"]
[BlackFideId "14502550"]

1.e4 e5 2.Bc4 Nc6 3.Nf3 Nf6 4.d3 Be7 5.c3 O-O 6.O-O d6 7.Bb3 Na5 8.Bc2 c5 
9.a4 Nc6 10.Na3 d5 11.exd5 Nxd5 12.Nc4 Bf6 13.Re1 Qc7 14.Ng5 h6 15.Ne4 Be7
16.Qf3 Be6 17.Qg3 Kh8 18.Ned2 Bg5 19.Nf3 Bf4 20.Bxf4 exf4 21.Qh4 Qd8 22.
Qh5 b6 23.Nfe5 Nxe5 24.Nxe5 Kg8 25.Rad1 Qf6 26.d4 Rac8 27.Qf3 Rfd8 28.Qe4 
Kf8 29.dxc5 bxc5 30.Rd2 Ne7 31.Rxd8+ Rxd8 32.Qe2 g5 33.Bd3 Kg7 34.Bc4 Bxc4
35.Nxc4 Nf5 36.Kf1 Nd6 37.Nxd6 Rxd6 38.Qe5 Qxe5 39.Rxe5 Rd2 40.b4 cxb4 41.
cxb4 Rb2 42.Rb5 Rb1+ 43.Ke2 Rb2+ 44.Kf3 Rb3+ 45.Ke4 Rb2 46.h4 a6 47.Rb6 
Rxf2 48.hxg5 hxg5 49.Rxa6 Rxg2 50.b5 Re2+ 51.Kd3 f3 52.Rc6 Ra2 53.Ke3 f2 
54.Rc1 Rxa4 55.Kxf2 Rb4 56.Rc5 f6 57.Rc7+ Kg6 58.Rb7 Kf5 59.b6 Kf4 60.Rb8 
Rb2+ 61.Ke1 f5 62.b7 g4 63.Ra8 Ke5 0-1

[Event "24th TCh-CRO Div 1a 2015"]
[Site "Bol CRO"]
[Date "2015.10.07"]
[Round "5.21"]
[White "Stevic, H"]
[Black "Bosiocic, Mari"]
[Result "1-0"]
[WhiteElo "2600"]
[BlackElo "2555"]
[EventDate "2015.10.03"]
[WhiteTitle "GM"]
[BlackTitle "GM"]
[WhiteTeam "GSK SOLIN-CEMEX Solin"]
[BlackTeam "SK RIJEKA Rijeka"]
[WhiteFideId "14502569"]
[BlackFideId "14507927"]

1.e4 e5 2.Nf3 Nc6 3.Bc4 Bc5 4.c3 Nf6 5.d3 O-O 6.O-O d5 7.exd5 Nxd5 8.a4 a6
9.Nbd2 Nb6 10.Ba2 Bg4 11.h3 Bh5 12.a5 Nd7 13.Ne4 Be7 14.b4 Kh8 15.Ng3 Bg6 
16.Re1 f5 17.Be6 Rf6 18.Qb3 f4 19.Ne4 Rf8 20.Bb2 Bh5 21.Rad1 Qe8 22.Bd5 
Bxf3 23.gxf3 Qh5 24.Be6 Nf6 25.Kg2 Nxe4 26.dxe4 Bd6 27.Bg4 Qg5 28.Kf1 Rab8
29.Qc4 Ne7 30.Rd2 Ng6 31.Ke2 Nh4 32.Rdd1 Rbe8 33.Rg1 Qf6 34.Qd5 Re7 35.
Qxb7 Qf7 36.Qxa6 Ree8 37.Qb5 h5 38.Qd5 hxg4 39.Rxg4 Qh5 40.Rdg1 Rd8 41.Qc4
Be7 42.a6 Bf6 43.b5 Nxf3 44.Kxf3 Rd2 45.Kg2 Rxb2 46.a7 Ra8 47.Qxc7 Rxb5 
48.Kh2 Rb2 49.Rxg7 Rxf2+ 50.R1g2 Rxg2+ 51.Rxg2 Qe8 52.Rb2 Bd8 53.Qb7 Qg8 
54.Rg2 Bg5 55.h4 f3 56.Rxg5 Qa2+ 57.Kh3 Qxa7 58.Rh5+ Kg8 59.Qd5+ 1-0

[Event "24th TCh-CRO Div 1a 2015"]
[Site "Bol CRO"]
[Date "2015.10.09"]
[Round "7.53"]
[White "Pikula, D"]
[Black "Sulava, N"]
[Result "1/2-1/2"]
[WhiteElo "2465"]
[BlackElo "2425"]
[EventDate "2015.10.03"]
[WhiteTitle "GM"]
[BlackTitle "GM"]
[WhiteTeam "SK SLJEME-AGROPROTEINKA Sesvete"]
[BlackTeam "SK ETF-OSIJEK Osijek"]
[WhiteFideId "906379"]
[BlackFideId "14500205"]

1.e4 e5 2.Nf3 Nc6 3.Bc4 Bc5 4.c3 Nf6 5.d3 a6 6.Bb3 Ba7 7.O-O d6 8.Re1 Qe7 
9.Be3 Bxe3 10.fxe3 O-O 11.Nbd2 Kh8 12.Rf1 Nh5 13.d4 g6 14.Qe1 Bd7 15.Qh4 
Qxh4 16.Nxh4 f6 17.Rf2 Rae8 18.a3 Nd8 19.Raf1 Nf7 20.Bd1 exd4 21.exd4 Ng5 
22.Bxh5 gxh5 23.Rxf6 Rxf6 24.Rxf6 Nxe4 25.Nxe4 Rxe4 26.Nf5 Bxf5 27.Rxf5 
Kg7 28.Kf2 Kg6 29.Rf8 Re7 30.Kf3 d5 31.a4 c6 32.a5 Kg7 33.Rd8 Kf6 34.h4 
Rf7 35.Rg8 h6 36.Re8 Kg6+ 37.Kg3 Rg7 38.Re5 Rf7 39.Re6+ Kh7 40.Re5 Kg6 41.
Re3 Rg7 42.Rf3 Re7 43.Kf2 Re4 44.g3 Re8 45.Re3 Rxe3 46.Kxe3 Kf5 47.Kf3 Kf6
48.Kf4 Ke6 49.g4 hxg4 50.Kxg4 Kf6 1/2-1/2

[Event "24th TCh-CRO Div 1a 2015"]
[Site "Bol CRO"]
[Date "2015.10.11"]
[Round "9.41"]
[White "Drazic, S"]
[Black "Bosiocic, Mari"]
[Result "0-1"]
[WhiteElo "2430"]
[BlackElo "2555"]
[EventDate "2015.10.03"]
[WhiteTitle "GM"]
[BlackTitle "GM"]
[WhiteTeam "SK SLJEME-AGROPROTEINKA Sesvete"]
[BlackTeam "SK RIJEKA Rijeka"]
[WhiteFideId "901172"]
[BlackFideId "14507927"]

1.e4 e5 2.Nf3 Nc6 3.Bc4 Bc5 4.O-O Nf6 5.d3 O-O 6.Nc3 h6 7.a3 d6 8.h3 Be6 
9.b4 Bb6 10.Bb2 Bxc4 11.dxc4 a5 12.b5 Ne7 13.Qd3 a4 14.Bc1 Nd7 15.Nd5 Nxd5
16.cxd5 f5 17.exf5 Qf6 18.Be3 Bxe3 19.fxe3 Nc5 20.Qc4 Qxf5 21.g4 Qg6 22.
Nxe5 Qg5 23.Nf3 Qxe3+ 24.Kg2 Rf4 25.Qa2 Raf8 26.Rae1 Qc3 27.Nh2 Qd2+ 0-1

[Event "24th TCh-CRO Div 1b 2015"]
[Site "Bol CRO"]
[Date "2015.10.06"]
[Round "4.43"]
[White "Biti, O"]
[Black "Matkovic, T"]
[Result "1-0"]
[WhiteElo "2337"]
[BlackElo "2308"]
[EventDate "2015.10.03"]
[WhiteTitle "IM"]
[BlackTitle "FM"]
[WhiteTeam "SK DJAKOVO LIMMONT, DJakovo"]
[BlackTeam "SK SIBENIK, Sibenik"]
[WhiteFideId "14505096"]
[BlackFideId "14501864"]

1.e4 e5 2.Nf3 Nc6 3.Bc4 Bc5 4.c3 Nf6 5.d3 d6 6.Bb3 Bb6 7.Nbd2 O-O 8.h3 Be6
9.Bc2 h6 10.Nf1 d5 11.Qe2 dxe4 12.dxe4 Nd7 13.Ng3 Re8 14.Nh2 Ne7 15.O-O 
Nf6 16.Qf3 Kh7 17.Ng4 Nxg4 18.hxg4 f6 19.Nf5 Nxf5 20.gxf5 Bf7 21.g3 Qe7 
22.Kg2 Rh8 23.Rh1 Kg8 24.Qg4 Kf8 25.Qe2 Rd8 26.Bb3 Rd7 27.Be3 Bxe3 28.Qxe3
a6 29.Rhd1 Bxb3 30.axb3 Kf7 31.Rxd7 Qxd7 32.Qe2 Rd8 33.Qc4+ Kf8 34.Qb4+ c5
35.Qxc5+ Kg8 36.Qc4+ Kh7 37.Re1 Qd6 38.b4 Rd7 39.Kg1 Qb6 40.Qe2 Qd8 41.Qc4
Rd2 42.b3 Ra2 43.Rf1 Qd2 44.Qf7 Qg5 45.Rd1 Qg4 46.Rd8 1-0

[Event "24th TCh-CRO Div 1b 2015"]
[Site "Bol CRO"]
[Date "2015.10.08"]
[Round "6.21"]
[White "Spasov, V"]
[Black "Feller, S"]
[Result "1/2-1/2"]
[WhiteElo "2539"]
[BlackElo "2622"]
[EventDate "2015.10.03"]
[WhiteTitle "GM"]
[BlackTitle "GM"]
[WhiteTeam "SK PETAR SEDLAR PEPE, Kastel Stari"]
[BlackTeam "SK DUBROVNIK, Dubrovnik"]
[WhiteFideId "2900041"]
[BlackFideId "634654"]

1.e4 e5 2.Nf3 Nc6 3.Bc4 Bc5 4.O-O Nf6 5.d3 d6 6.c3 O-O 7.Bb3 a6 8.Nbd2 Ba7
9.Re1 h6 10.Nf1 Re8 11.Be3 Bxe3 12.Nxe3 Be6 13.h3 Qd7 14.Nh2 d5 15.Nhg4 
Nxg4 16.exd5 Nxe3 17.dxe6 Nxd1 18.exd7 Re7 19.Bxd1 Rxd7 20.Bf3 f6 21.d4 
exd4 22.cxd4 Rxd4 23.Rac1 Rd6 24.Re3 Rad8 25.Rb3 Nd4 26.Rxb7 Nxf3+ 27.gxf3
Rd1+ 28.Rxd1 Rxd1+ 29.Kg2 Rd2 30.b4 Rxa2 1/2-1/2

[Event "24th TCh-CRO Div 1b 2015"]
[Site "Bol CRO"]
[Date "2015.10.08"]
[Round "6.33"]
[White "Biti, O"]
[Black "Srbis, J"]
[Result "1/2-1/2"]
[WhiteElo "2337"]
[BlackElo "2415"]
[EventDate "2015.10.03"]
[WhiteTitle "IM"]
[BlackTitle "FM"]
[WhiteTeam "SK DJAKOVO LIMMONT, DJakovo"]
[BlackTeam "SK PODRAVKA, Koprivnica"]
[WhiteFideId "14505096"]
[BlackFideId "14515555"]

1.e4 e5 2.Nf3 Nc6 3.Bc4 Nf6 4.d3 Be7 5.O-O O-O 6.Re1 d6 7.a4 h6 8.a5 a6 9.
c3 Nh7 10.Be3 Kh8 11.Qb3 f5 12.exf5 Rxf5 13.Nbd2 Qe8 14.Bd5 Qh5 15.Nf1 Rf8
16.Ng3 Qg6 17.Be4 Qe6 18.Bd5 Qg6 19.d4 Nf6 20.Be6 Nd7 21.Bd5 Nf6 22.Be6 
Nd7 23.Bd5 Nf6 24.Be6 Nd7 1/2-1/2